Adhocracy the Power of Change (Record no. 2306)

MARC details
000 -LEADER
fixed length control field 00342nam a22001337a 4500
008 - FIXED-LENGTH DATA ELEMENTS--GENERAL INFORMATION
fixed length control field 250313b |||||||| |||| 00| 0 eng d
020 ## - INTERNATIONAL STANDARD BOOK NUMBER
ISBN 0962474517
100 ## - MAIN ENTRY--AUTHOR
Author WATERMAN, Robert H. Jr.
245 ## - TITLE STATEMENT
Title Adhocracy the Power of Change
260 ## - PUBLICATION, DISTRIBUTION, ETC. (IMPRINT)
Place of publication Knoxville
Name of publisher Whittle Direct Books
Date of publication 1990
300 ## - COLLATION
Pagination 80p.
942 ## - ADDED ENTRY ELEMENTS (KOHA)
Item type Books
050 ## - LIBRARY OF CONGRESS CALL NUMBER
Classification number HD58.8
Item number .W38
Holdings
Source of classification or shelving scheme Not for loan Permanent location Current location Date acquired Accession No. Full call number Barcode. Koha item type
Library of Congress Classification   Samuel Ogbemudia Main Library, University of Abuja Samuel Ogbemudia Main Library, University of Abuja 03/13/2025 93/012289 HD58.8.W38 2025-0570 Books